| 000 | 01204cam a22003251 4500 | ||
|---|---|---|---|
| 001 | 27940 | ||
| 003 | BD-RjUL | ||
| 005 | 20211209051223.0 | ||
| 008 | 140329r19491911enk b 000 1 eng | ||
| 035 | _a(BD-RjUL)28021 | ||
| 035 | _a(OCoLC)16672736 | ||
| 040 |
_aDLC _cOrPPC _dOCoLC _dDLC _dBD-RjUL _beng |
||
| 041 | _aeng | ||
| 082 | 0 |
_a839.8226 _219 _bIBG 1949 |
|
| 100 | 1 |
_aIbsen, Henrik, _d1828-1906. _985697 |
|
| 245 | 1 | 0 |
_aGhosts; The warriors at Helgeland : _bAn enemy of the people / _c[by] Henrik Ibsen. |
| 260 |
_aLondon ; _aNew York : _bJ.M. Dent & sons, ltd.; _bE.P. Dutton & co., inc., _c[Reprinted 1949]. |
||
| 300 |
_axi, 247 p. ; _c18 cm. |
||
| 490 | 1 |
_aEveryman's library, ed. by Ernest Rhys. Poetry & the drama _v[no. 552] |
|
| 500 | _a"First published in this editon 1911. Reprinted ... 1935." | ||
| 500 | _aTranslated by R. Farquharson Sharp. | ||
| 504 | _a"Bibliography of English translations": p. xi. | ||
| 650 | 0 |
_aDrama, Norwegian _985698 |
|
| 700 | 1 |
_aSharp, R. Farquharson _q(Robert Farquharson), _d1864-1945, _etr. _985699 |
|
| 740 | 0 | _aWarriors at Helgeland. | |
| 740 | 0 | _aEnemy of the people. | |
| 942 |
_2ddc _cBK |
||
| 999 |
_c27940 _d27940 |
||